[Event "Manavgat Turkey Cup"]
[Site "Manavgat"]
[Date "2016.01.31"]
[Round "3"]
[White "Percin, Baris"]
[Black "Yildiz, Eyup Ensar"]
[Result "1-0"]
[WhiteElo "1799"]
[BlackElo "1633"]
[PlyCount "105"]
[EventDate "2016.01.30"]
[EventType "swiss"]
[EventRounds "11"]
[EventCountry "TUR"]
[SourceTitle "CBM 170 Extra"]
[Source "ChessBase"]
[SourceDate "2016.02.25"]
[SourceVersion "1"]
[SourceVersionDate "2016.02.25"]
[SourceQuality "1"]

1. e4 e5 2. Nf3 Nc6 3. Bb5 a6 4. Ba4 Bc5 5. c3 d6 6. d4 exd4 7. cxd4 Bb4+ 8. Nc3 Bd7 9. 0-0 h6 10. Bc2 Nf6 11. h3 0-0 12. Qd3 Bxc3 13. bxc3 Ne7 14. Nh4 Ng6 15. Nxg6 fxg6 16. Qg3 Be8 17. f4 Qe7 18. Qh4 Nd5 19. Qxe7 Nxe7 20. Ba3 Bf7 21. d5 Nc8 22. c4 Nb6 23. Bd3 Nd7 24. e5 Nc5 25. Bxc5 dxc5 26. e6 Be8 27. Rab1 Rb8 28. f5 gxf5 29. Bxf5 Rf6 30. g4 Kf8 31. Bd3 Ke7 32. Rxf6 gxf6 33. Kg2 c6 34. Rb6 Kd6 35. Kf3 Kc7 36. Rb1 cxd5 37. cxd5 b5 38. Kf4 c4 39. Be4 Kd6 40. Kf5 Ke7 41. d6+ Kxd6 42. Kxf6 c3 43. h4 b4 44. Bc2 a5 45. g5 hxg5 46. hxg5 Bh5 47. Rh1 Rf8+ 48. Kg7 Rf2 49. Bb3 c2 50. Rc1 Bd1 51. g6 Ke7 52. Kh6 Rh2+ 53. Kg7 1-0

[Event "Manavgat Turkey Cup"]
[Site "Manavgat"]
[Date "2015.02.07"]
[Round "11"]
[White "Atabay, Mesut"]
[Black "Percin, Baris"]
[Result "1-0"]
[WhiteElo "1666"]
[BlackElo "1689"]
[PlyCount "65"]
[EventDate "2015.01.31"]
[EventType "swiss"]
[EventRounds "11"]
[EventCountry "TUR"]
[SourceTitle "CBM 164 Extra"]
[Source "ChessBase"]
[SourceDate "2015.03.02"]
[SourceVersion "1"]
[SourceVersionDate "2015.03.02"]
[SourceQuality "1"]

1. d4 Nf6 2. c4 g6 3. f3 Bg7 4. e4 d6 5. Be3 Nc6 6. Nc3 e5 7. Nge2 0-0 8. Qd2 Ne8 9. d5 Ne7 10. Bh6 f5 11. Bxg7 Kxg7 12. 0-0-0 c6 13. h4 f4 14. g3 fxg3 15. Bg2 c5 16. Nxg3 Ng8 17. h5 a6 18. hxg6 hxg6 19. Rdg1 b5 20. Bf1 b4 21. Qh2 Rf7 22. Na4 Kf8 23. Ne2 Qf6 24. Nb6 Rb8 25. Nxc8 Rxc8 26. Bh3 Rcc7 27. Be6 Rg7 28. Qg3 Ke7 29. Rh8 Qf8 30. f4 Nef6 31. fxe5 dxe5 32. Qxe5 Kd8 33. Rf1 1-0

[Event "Manavgat Turkey Cup"]
[Site "Manavgat"]
[Date "2015.02.04"]
[Round "7"]
[White "Uraz, Abdullah Kerim"]
[Black "Percin, Baris"]
[Result "0-1"]
[WhiteElo "1563"]
[BlackElo "1689"]
[PlyCount "62"]
[EventDate "2015.01.31"]
[EventType "swiss"]
[EventRounds "11"]
[EventCountry "TUR"]
[SourceTitle "CBM 164 Extra"]
[Source "ChessBase"]
[SourceDate "2015.03.02"]
[SourceVersion "1"]
[SourceVersionDate "2015.03.02"]
[SourceQuality "1"]

1. e4 e5 2. Nf3 Nc6 3. Nc3 Nf6 4. d4 exd4 5. Nxd4 Bc5 6. Be3 Bb6 7. Qd2 0-0 8. 0-0-0 Ne5 9. f3 c6 10. Be2 d5 11. exd5 cxd5 12. Rhe1 Nc6 13. Kb1 Re8 14. Bf2 Be6 15. Bb5 Rc8 16. Re2 Re7 17. Rde1 Bxd4 18. Bxd4 Nxd4 19. Qxd4 a6 20. Ba4 Rc4 21. Qd1 b5 22. Bb3 Rc5 23. Rd2 Rd7 24. Ne2 a5 25. a4 Qb6 26. Nc3 Rxc3 27. bxc3 bxa4 28. Rd4 axb3 29. cxb3 h6 30. g4 Rb7 31. Kb2 Nd7 0-1

[Event "Manavgat Turkey Cup"]
[Site "Manavgat"]
[Date "2015.02.02"]
[Round "4"]
[White "Ozsakallioglu, Akin"]
[Black "Percin, Baris"]
[Result "1/2-1/2"]
[WhiteElo "1469"]
[BlackElo "1689"]
[PlyCount "124"]
[EventDate "2015.01.31"]
[EventType "swiss"]
[EventRounds "11"]
[EventCountry "TUR"]
[SourceTitle "CBM 164 Extra"]
[Source "ChessBase"]
[SourceDate "2015.03.02"]
[SourceVersion "1"]
[SourceVersionDate "2015.03.02"]
[SourceQuality "1"]

1. e4 e5 2. Nf3 Nc6 3. Bc4 Nf6 4. d3 Be7 5. Nc3 d6 6. h3 h6 7. Be3 Na5 8. Bb3 Nxb3 9. axb3 a6 10. 0-0 0-0 11. Ne2 Nh7 12. Ng3 f5 13. Nxf5 Bxf5 14. exf5 Rxf5 15. c4 Qe8 16. d4 e4 17. Nd2 Bg5 18. Qg4 Qf7 19. Bxg5 Rxg5 20. Qxe4 Re8 21. Qxb7 d5 22. cxd5 Re2 23. d6 cxd6 24. Qxf7+ Kxf7 25. Nf3 Rd5 26. Rxa6 Rxb2 27. Ra7+ Kg6 28. Rb7 Re2 29. Ra1 Ng5 30. Nxg5 Rxg5 31. Rd7 Re6 32. Raa7 Kh7 33. f4 Rg3 34. Kf2 Reg6 35. Rxd6 Rxg2+ 36. Kf1 Rg1+ 37. Kf2 Rxd6 38. Kxg1 Rxd4 39. Rb7 Rxf4 40. b4 Rf3 41. Kg2 Rb3 42. b5 h5 43. Kh2 h4 44. b6 Rb2+ 45. Kg1 Kh6 46. Rb8 g6 47. b7 Kg5 48. Kh1 Rb3 49. Kg2 Rg3+ 50. Kh2 Rb3 51. Kg2 Rb2+ 52. Kg1 Rb1+ 53. Kg2 Rb2+ 54. Kg1 Rb6 55. Kg2 Rb3 56. Kh2 Rb5 57. Kg2 Rb2+ 58. Kg1 Rb3 59. Kg2 Rg3+ 60. Kh2 Rb3 61. Kg2 Rb4 62. Kh2 Rb3 1/2-1/2

[Event "Kemer Turkey Cup"]
[Site "Kemer"]
[Date "2014.02.01"]
[Round "1"]
[White "Samani, Yamac"]
[Black "Percin, Baris"]
[Result "1-0"]
[WhiteElo "1761"]
[BlackElo "1620"]
[PlyCount "46"]
[EventDate "2014.02.01"]
[EventType "swiss"]
[EventRounds "9"]
[EventCountry "TUR"]
[SourceTitle "CBM 158 Extra"]
[Source "ChessBase"]
[SourceDate "2014.02.28"]
[SourceVersion "1"]
[SourceVersionDate "2014.02.28"]
[SourceQuality "1"]

1. e4 e5 2. Nf3 Nc6 3. Bb5 a6 4. Ba4 Nf6 5. 0-0 Be7 6. Re1 b5 7. Bb3 d6 8. c3 0-0 9. h3 Na5 10. Bc2 c5 11. d4 Qc7 12. Nbd2 Re8 13. Nf1 Bf8 14. d5 Bd7 15. Bg5 Qd8 16. Ng3 g6 17. b3 h6 18. Be3 Nb7 19. Qd2 Kh7 20. Nh2 a5 21. Bd3 Qc8 22. Qe2 b4 23. Rec1 Qd8 1-0

[Event "EU School-ch U11"]
[Site "Kallithea"]
[Date "2012.06.17"]
[Round "6"]
[White "Esipenko, Andrey"]
[Black "Percin, Baris"]
[Result "1-0"]
[WhiteElo "2139"]
[BlackElo "1566"]
[PlyCount "119"]
[EventDate "2012.06.13"]
[EventType "swiss"]
[EventRounds "9"]
[EventCountry "GRE"]
[SourceTitle "EXT 2024"]
[Source "ChessBase"]
[SourceDate "2023.10.10"]
[SourceVersion "1"]
[SourceVersionDate "2023.10.10"]
[SourceQuality "1"]

1. e4 e5 2. Nf3 Nc6 3. Bb5 a6 4. Ba4 Nf6 5. 0-0 Be7 6. Re1 b5 7. Bb3 d6 8. c3 0-0 9. h3 Nb8 10. d4 Nbd7 11. Nbd2 Bb7 12. Bc2 Re8 13. Nf1 Bf8 14. Ng3 g6 15. h4 h5 16. Ng5 c5 17. d5 c4 18. f3 Nh7 19. Nxh7 Kxh7 20. Bg5 Be7 21. Qd2 Bxg5 22. hxg5 Qb6+ 23. Kh2 Kg7 24. Nf1 Rh8 25. Ne3 Rh7 26. Qf2 Qd8 27. Qh4 f6 28. gxf6+ Nxf6 29. Kg1 Qb6 30. Qg5 h4 31. Kh2 Rah8 32. Nd1 h3 33. g3 Rh5 34. Qd2 Bc8 35. Ne3 R5h7 36. Rf1 Nh5 37. f4 exf4 38. gxf4 Qd8 39. Rf3 Rf8 40. Raf1 Qh4 41. e5 Rxf4 42. Rxf4 Qg3+ 43. Kh1 Nxf4 44. Rxf4 Qxf4 45. Nf5+ Qxf5 46. Bxf5 Bxf5 47. Kh2 dxe5 48. Qg5 Kf7 49. Qd8 e4 50. d6 e3 51. d7 Bxd7 52. Qxd7+ Kg8 53. Qe8+ Kg7 54. Qxe3 Rh5 55. Qa7+ Kh6 56. Qxa6 Kh7 57. a4 bxa4 58. Qxc4 g5 59. Qxa4 Rh4 60. Qxh4+ 1-0